000 01108nam a22002537a 4500
999 _c16399
_d16399
005 20251125232845.0
008 s2523 th tha d
040 _aNALT
041 _atha
100 0 _aสงคราม เมืองมนตรี
245 1 0 _aปัญหากฎหมาย ชุดที่ 1
260 3 _aกรุงเทพฯ :
_bโรงพิมพ์ศรีอนันต์,
_c2523
300 _a240 หน้า ;
_b 21 ซม.
650 0 4 _aกฎหมาย -- คำถามและคำตอบ
650 0 4 _aการหย่า -- คำถามและคำตอบ
650 0 4 _aบุคคล -- คำถามและคำตอบ
650 0 4 _aบุตรบุญธรรม -- คำถามและคำตอบ
650 0 4 _aภาระจำยอม -- คำถามและคำตอบ
850 _aNALT
856 4 0 _uhttps://hdl.handle.net/20.500.14156/449108
_71
942 _cLB
_2lcc
998 _j25
_k นีลวัสน์ อินทรักษา
090 _aKC33 ส134ป 2523